Catálogo de la Biblioteca Horacio González - Universidad Nacional de General Sarmiento

Economía social : (Registro nro. 16890)

Detalles MARC
000 -CABECERA
campo de control de longitud fija 01453nam a22003250a 4500
001 - NÚMERO DE CONTROL
campo de control PT16083
003 - IDENTIFICADOR DEL NÚMERO DE CONTROL
campo de control AR-LpoUNG
005 - FECHA Y HORA DE LA ÚLTIMA TRANSACCIÓN
campo de control 20260115101049.0
008 - DATOS DE LONGITUD FIJA--INFORMACIÓN GENERAL
campo de control de longitud fija 191001s2003||||ag |||||||||||||||||spa d
020 ## - NÚMERO INTERNACIONAL ESTÁNDAR DEL LIBRO
Número Internacional Estándar del Libro 9879423704
Condiciones de disponibilidad $7.28
040 ## - FUENTE DE LA CATALOGACIÓN
Centro catalogador/agencia de origen AR-LpoUNG
Lengua de catalogación spa
Centro/agencia transcriptor AR-LpoUNG
Normas de descripción aacr
041 ## - CÓDIGO DE LENGUA
Código de lengua del texto/banda sonora o título independiente spa
044 ## - CÓDIGO DEL PAÍS DE LA ENTIDAD EDITORA/PRODUCTORA
Código MARC del país ag
082 0# - NÚMERO DE LA CLASIFICACIÓN DECIMAL DEWEY
Número de clasificación 334.1 994eco
100 1# - ENTRADA PRINCIPAL--NOMBRE DE PERSONA
Nombre de persona Vuotto, Mirta
Término indicativo de función/relación comp.
245 10 - MENCIÓN DE TÍTULO
Título Economía social :
Resto del título precisiones conceptuales y algunas experiencias históricas
250 ## - MENCIÓN DE EDICIÓN
Mención de edición 1ra. ed.
260 ## - PUBLICACIÓN, DISTRIBUCIÓN, ETC.
Lugar de publicación, distribución, etc. Buenos Aires :
Nombre del editor, distribuidor, etc. Fundación OSDE - Altamira - Universidad Nacional de General Sarmiento,
Fecha de publicación, distribución, etc. 2003.
300 ## - DESCRIPCIÓN FÍSICA
Extensión 255 p. :
Otras características físicas gráfs., il.
520 ## - SUMARIO, ETC.
Sumario, etc. La obra es una compilación de textos que ilustran el concepto de economía social, mostrando el significado que distintos autores le asignan. Comienza por la génesis del concepto e incluye la visión de precursores como Leon Walras y Charles Gide, cuyos textos se remontan a fines del siglo XIX y comienzos del siglo XX. Se incluye luego un conjunto de escritos publicados entre los años 1992 y 2001 en libros, revistas especializadas y documentos de trabajo, que dan cuenta de las producciones mas actuales sobre el tema.
650 #4 - PUNTO DE ACCESO ADICIONAL DE MATERIA--TÉRMINO DE MATERIA
Término de materia o nombre geográfico como elemento de entrada ASPECTOS SOCIALES
650 #4 - PUNTO DE ACCESO ADICIONAL DE MATERIA--TÉRMINO DE MATERIA
Término de materia o nombre geográfico como elemento de entrada COOPERATIVAS
650 #4 - PUNTO DE ACCESO ADICIONAL DE MATERIA--TÉRMINO DE MATERIA
Término de materia o nombre geográfico como elemento de entrada ECONOMIA
650 #4 - PUNTO DE ACCESO ADICIONAL DE MATERIA--TÉRMINO DE MATERIA
Término de materia o nombre geográfico como elemento de entrada SISTEMAS ECONOMICOS
650 #4 - PUNTO DE ACCESO ADICIONAL DE MATERIA--TÉRMINO DE MATERIA
Término de materia o nombre geográfico como elemento de entrada TEORIA ECONOMICA
653 #0 - TÉRMINO DE INDIZACIÓN--NO CONTROLADO
Término no controlado ECONOMIA SOCIAL
653 #0 - TÉRMINO DE INDIZACIÓN--NO CONTROLADO
Término no controlado ECONOMIA SOLIDARIA
905 ## - ELEMENTOS DE DATOS E LOCAL, LDE (RLIN)
a 16083
942 ## - ELEMENTOS DE PUNTO DE ACCESO ADICIONAL (KOHA)
Tipo de ítem Koha Libro
Fuente del sistema de clasificación o colocación Dewey Decimal Classification
Existencias
Estado de retiro Estado de pérdida Estado dañado No para préstamo Código de colección Localización permanente Ubicación/localización actual Fecha de adquisición Total de préstamos Signatura topográfica completa Código de barras Fecha visto por última vez Precio válido a partir de Tipo de ítem Koha Fuente del sistema de clasificación o colocación Renovaciones totales Fecha del último préstamo
        Colección Ediciones UNGS Biblioteca Universidad Nacional de General Sarmiento Biblioteca Universidad Nacional de General Sarmiento 31/01/2021   334.1 994eco CUNGS1501 31/01/2021 31/01/2021 Libro      
Retirado     No es para préstamo Colección Ediciones UNGS Biblioteca Universidad Nacional de General Sarmiento Biblioteca Universidad Nacional de General Sarmiento 31/01/2021   334.1 994eco CUNGS1542 31/01/2021 31/01/2021 Libro Dewey Decimal Classification    
        Colección General Biblioteca Universidad Nacional de General Sarmiento Biblioteca Universidad Nacional de General Sarmiento 31/01/2021   334.1 994eco 00017941 31/01/2021 31/01/2021 Libro      
        Colección General Biblioteca Universidad Nacional de General Sarmiento Biblioteca Universidad Nacional de General Sarmiento 31/01/2021   334.1 994eco 00017953 31/01/2021 31/01/2021 Libro      
        Colección General Biblioteca Universidad Nacional de General Sarmiento Biblioteca Universidad Nacional de General Sarmiento 31/01/2021   334.1 994eco 00025073 31/01/2021 31/01/2021 Libro      
        Colección General Biblioteca Universidad Nacional de General Sarmiento Biblioteca Universidad Nacional de General Sarmiento 31/01/2021 1 334.1 994eco 00038059 11/08/2022 31/01/2021 Libro   1 14/06/2022
        Colección General Biblioteca Universidad Nacional de General Sarmiento Biblioteca Universidad Nacional de General Sarmiento 31/01/2021   334.1 994eco S00017952 31/01/2021 31/01/2021 Lectura en Sala      
        Colección General Biblioteca Universidad Nacional de General Sarmiento Biblioteca Universidad Nacional de General Sarmiento 04/02/2023   334.1 994eco 00067992 04/02/2023 04/02/2023 Libro Dewey Decimal Classification